History Quiz

Random History Quiz

People with the first name Matt Quiz Stats

 Plays Quiz not verified by Sporcle

Support Sporcle.
Go Orange.
Score 0/7 Timer 06:00
0 Plays Today
What they did last name % Correct
Sail into Tokyo bay to use 'Big Stick' diplomacy to open up trade with JapanPerry
78.6%
Actor that played teacher in show 'Glee'Morrison
50%
Main character 'Jack' on TV show LOSTFox
50%
English ActorGoode
21.4%
Presbyterian MinisterHenry
21.4%
English nonconformist theoligianPoole
21.4%
English professional footballer in the Premier League team West Ham UnitedUpson
14.3%

You're not logged in!

Compare scores with friends on all Sporcle quizzes.
OR
Log In

From the Vault

Pixar Blitz: Human Characters

by Zipcity

Well, they were probably all voice by humans, at least.
Remove Ads.
Support Sporcle.
Get the best of Sporcle when you Go Orange. This ad-free experience offers more features, more stats, and more fun while also helping to support Sporcle. Thank you for becoming a member.

Show Comments

Extras

Created Feb 19, 2011ReportNominate
Tags:last, matt, Matthew

Top Quizzes Today


Score Distribution

Your Account Isn't Verified!

In order to create a playlist on Sporcle, you need to verify the email address you used during registration. Go to your Sporcle Settings to finish the process.

Report this User

Report this user for behavior that violates our Community Guidelines.

Details: